000 00505nam a22001697a 4500
008 130418t xxu||||| |||| 00| 0 spa d
020 _a970-17-0021-x
082 1 4 _214
_a004.6
100 1 _aCromer, Douglas E.
_921952
245 1 0 _aRedes de computadoras, internet e interredes /
_cDouglas E.Cromer.
250 _a5a.ed.
260 _aMéxico, D.F. :
_bPrentice-Hall Hispanoamericana,
_c1997.
300 _axix, 506 p.
650 _aREDES
_91602
942 _2ddc
_cLIBRO
980 _82
_gVirginia Figueroa
_62
_aVirginia Figueroa
999 _c11136
_d11136